000 01093nam a22003257a 4500
003 CHAP
005 20220329134544.0
008 971013s1955 r 00010 d
010 _a22135
011 _a23107
035 _a27202
040 _cCHAP
082 _a630.24
_bA88 1955
110 _aAssociation of Official Analytical Chemists
_98163
245 _aOfficial methods of analysis of the Association of ...
250 _a8 ed.
260 _aWashington :
_bAssociation of Official Agricultural Chemist,
_c1955
300 _a1008 p.
_b: ilus
590 _aBATCH-UPD
_b10
_c20130110
_lUCH01
_h2052
590 _aBATCH-UPD
_b10
_c20130410
_lUCH01
_h1405
590 _aBATCH-UPD
_b10
_c20130914
_lUCH01
_h1624
590 _aCONVERSION
_b10
_c20130109
_lUCH01
_h1313
650 1 4 _aQuímica agrícola.
_993576
650 1 4 _aQuímica analítica.
_993582
700 0 _aHorwitz, William.
_956403
901 _aBK
942 _cLIBRO
949 _a630.24 A88 1955
_bBC
_cLIBRO
_d33724000029054
_eLIBRO
_i27202
_si
949 _a630.24 A88 1955
_bBC
_cLIBRO
_d33724000029062
_eLIBRO
_fc.2
_h19341
_i27202
_si
999 _c22135
_d22135